Normal view
MARC view
- indo-pakistani war 1965
Entry Topical Term
001 - CONTROL NUMBER
- control field: 51818
003 - CONTROL NUMBER IDENTIFIER
- control field: NUST
005 - DATE AND TIME OF LATEST TRANSACTION
- control field: 20210314135100.0
008 - FIXED-LENGTH DATA ELEMENTS
- fixed length control field: 210314|| aca||aabn | a|a d
040 ## - CATALOGING SOURCE
- Original cataloging agency: NUST
- Transcribing agency: NUST
150 ## - HEADING--TOPICAL TERM
- Topical term or geographic name entry element: indo-pakistani war 1965
670 ## - SOURCE DATA FOUND
- Source citation: Work cat.: (NUST): Marwan Khan 51817, A decisive history of the 1965 indo-Pakistani war, 2018.
